000
00272 a2200097 4500
020
_a
9788126477517
100
_a
Anand
245
_a
Irippu nilppu ezhunnelppu(ഇരിപ്പ് നിൽപ് എഴുന്നേൽപ്)
260
_b
D C books
_c
2025
942
_c
OO
999
_c
115327
_d
115326